Countries That Border The Most Landlocked Countries - Statistics

General Stats
  • This quiz has been taken 49 times
    22 since last reset
  • The average score is 17 of 24
Answer Stats
# Answer % Correct
4 Russia
100%
8 China
95%
3 France
90%
7 Democratic Republic of the Congo
80%
4 Germany
80%
3 Hungary
80%
5 Austria
75%
3 Kazakhstan
75%
3 Serbia
75%
4 South Africa
75%
5 Uzbekistan
75%
3 Kyrgyzstan
70%
3 Niger
70%
4 Sudan
70%
3 Turkmenistan
70%
3 Ukraine
70%
4 Italy
65%
3 Tajikistan
65%
3 Zambia
65%
5 Iran
60%
3 Afghanistan
55%
3 South Sudan
55%
3 Kenya
50%
4 Mozambique
40%
No matching quizzes found
Score Distribution
Percent of People with Each Score
Percentile by Number Answered
Your Score History
You have not taken this quiz since the last reset